000 00782nam a2200277 b 4500
001 0000618
003 DO-SdBPM
005 20250218104701.0
007 0000618
008 050617 1976 sp spa
017 _a
_b
020 _a8472322637
035 _a
040 _aDO-SdBPM
_bspa
_cBPMSU
_e
082 4 _aH863.44
_bA185p 1996
_222
100 1 _aAcosta, Óscar,
_d1933-
245 1 0 _aPoesía :
_bselección 1952-1971 /
_cOscar Acosta
_h
260 _aMadrid :
_bEdiciones Cultura Hispánica,
_c1976.
300 _a189 p. ;
_c21 cm
490 0 _aLa encima y el mar,
_v54
590 _aInventariado, 2025/VM
650 4 _aPoesía hondureña
_vColecciones
710 2 _aEdiciones Cultura Hispánica
910 _aVMateo V. Control de calidad. BPMSU
942 _2ddc
_cBK
999 _c11202
_d11202